000 01169nam a22004090a 4500
001 PT31612
003 AR-LpoUNG
005 20210131225841.0
008 191001s1985||||ag |||||||||||||||||spa d
020 _a9503701244
_c$30
040 _aAR-LpoUNG
_bspa
_cAR-LpoUNG
_eaacr
041 _aspa
044 _aag
082 0 _a982.064 794per
100 1 _aCordeu, Mora
245 1 0 _aPeronismo :
_bla mayoría perdida
250 _a1§ edición
260 _aBuenos Aires :
_bSudamericana - Planeta,
_c1985.
300 _a246 p. :
_bil.
520 _aApasionante itinerario por inéditos episodios preelectorales, que descubren claves fundamentales de la vida interna peronista y su distanciamiento de la mayoría.
650 4 _aANALISIS HISTORICO
650 4 _aANALISIS SOCIOLOGICO
650 4 _aARGENTINA
650 4 _aCLASE OBRERA
650 4 _aDICTADURA
650 4 _aGOBIERNO MILITAR
650 4 _aHISTORIA
650 4 _aHISTORIA POLITICA
650 4 _aHISTORIA SOCIAL
650 4 _aSOCIOLOGIA
650 4 _aTRABAJADORES
653 _aPERONISMO
700 1 _aMercado, Silvia
700 1 _aSosa, Nancy
905 _a31612
942 _cLIB
999 _c147
_d147